Phrases In German x 1 - Statistics

General Stats
  • This quiz has been taken 41 times
  • The average score is 5 of 7
Answer Stats
Hint Answer % Correct
water please, thank you! wasser bitte danke
90%
bread please! brot bitte
83%
my mother and my father meine mutter und mein vater
83%
my sister is nice meine schwester ist nett
83%
hello I am hallo ich bin
69%
hello and bye hallo und tschuss
69%
my brother is tall mein bruder ist groß
34%
No matching quizzes found
Score Distribution
Percent of People with Each Score
Percentile by Number Answered
Your Score History
You have not taken this quiz